10 Countries That Come Before United States Alphabetically - Statistics

General Stats
  • This quiz has been taken 35 times
  • The average score is 8 of 10
Answer Stats
Answer % Correct
United Kingdom
90%
Turkey
87%
Turkmenistan
87%
United Arab Emirates
87%
Uganda
84%
Tuvalu
81%
Ukraine
77%
Tunisia
74%
Trinidad and Tobago
71%
Tonga
61%
No matching quizzes found
Score Distribution
Percent of People with Each Score
Percentile by Number Answered
Your Score History
You have not taken this quiz